00486nam a2200181Ia 45000030006000000050017000060080041000230200018000640400009000820410012000910820021001031000015001242450056001392600025001953000008002205050056002286500020002840Nust20170105110246.0161124s9999 xx 000 0 und d a0-415-33414-4 cIGIS aEnglish a910.01/5122bDAL aPeter Dale aIntroduction to Mathematical Techniques used in GIS aUSAbCRC Pressc2005 a202 aIntroduction to Mathematical Techniques used in GIS aMathematics GIS